In the Heart of the Country (Record no. 6580)
[ view plain ]
| 000 -LEADER | |
|---|---|
| fixed length control field | 00445nam a2200193Ia 4500 |
| 003 - CONTROL NUMBER IDENTIFIER | |
| control field | 0100 |
| 008 - FIXED-LENGTH DATA ELEMENTS--GENERAL INFORMATION | |
| fixed length control field | 130227s9999 xx 000 0 und d |
| 040 ## - CATALOGING SOURCE | |
| Transcribing agency | ARRUPELIB |
| 050 ## - LIBRARY OF CONGRESS CALL NUMBER | |
| Classification number | PR 9369.3 .C58 I5 |
| 100 ## - MAIN ENTRY--PERSONAL NAME | |
| Personal name | Coetzee, J. M. |
| 245 ## - TITLE STATEMENT | |
| Title | In the Heart of the Country |
| 260 ## - PUBLICATION, DISTRIBUTION, ETC. (IMPRINT) | |
| Place of publication, distribution, etc | London |
| 260 ## - PUBLICATION, DISTRIBUTION, ETC. (IMPRINT) | |
| Name of publisher, distributor, etc | Vintage books |
| 260 ## - PUBLICATION, DISTRIBUTION, ETC. (IMPRINT) | |
| -- | 1999 |
| 300 ## - PHYSICAL DESCRIPTION | |
| Extent | 151p. |
| 300 ## - PHYSICAL DESCRIPTION | |
| Other physical details | 20cm. |
| 650 ## - SUBJECT ADDED ENTRY--TOPICAL TERM | |
| Topical term following geographic name as entry element | Jesus Christ - Historicity |
| 942 ## - ADDED ENTRY ELEMENTS (KOHA) | |
| Source of classification or shelving scheme | Library of Congress Classification |
| Koha issues (borrowed), all copies | 1 |
| Withdrawn status | Lost status | Source of classification or shelving scheme | Damaged status | Not for loan | Collection code | Home library | Current library | Shelving location | Date acquired | Total Checkouts | Full call number | Barcode | Date last seen | Date last borrowed | Copy number | Price effective from | Koha item type |
|---|---|---|---|---|---|---|---|---|---|---|---|---|---|---|---|---|---|
| Library of Congress Classification | Main Collection | ARRUPE LIBRARY | ARRUPE LIBRARY | 27/02/2013 | 1 | PR 9369.3 .C58 I5 | 46409122 | 24/01/2014 | 23/08/2013 | 1 | 27/02/2013 | Monograph ( Printed materials) |